MARC

Tag First Indicator Second Indicator Subfields
LEADER 00000cam a2200000Ma 4500
001 in00003610213
005 20170928112501.0
006 aa 000 0
007 sd fsngnnmmned
008 091008s2008 enk 000 0 eng d
020 |a 9780194792769  |q (set) 
020 |a 0194792765  |q (set) 
020 |a 9780194790826  |q (pbk.) 
020 |a 0194790827  |q (pbk.) 
020 |a 9780194792875  |q (cd) 
020 |a 0194792870  |q (cd) 
035 |a (OCoLC)ocn670776790 
035 |a (OCoLC)670776790 
040 |a KPLCP  |b eng  |c KPLCP  |d OCLCF  |d OCLCO  |d OCLCQ  |d OCLCO  |d TXA  |d UtOrBLW 
043 |a f------ 
049 |a TXAM 
082 0 4 |a 428.6/2  |2 22 
090 |a PE1126.N43  |b B373 2008 
100 1 |a Bassett, Jennifer.  |0 http://id.loc.gov/authorities/names/no2004070263 
245 1 0 |a Changing their skies :  |b stories from Africa /  |c retold by Jennifer Bassett ; [illustrated by Gay Galsworthy]. 
264 1 |a Oxford ;  |a New York :  |b Oxford University Press,  |c [2008] 
264 4 |c ©2008 
300 |a 55 pages :  |b illustrations ;  |c 20 cm +  |e 1 audio disc (digital ; 4 3/4 in.) 
336 |a other  |b xxx  |2 rdacontent 
337 |a unmediated  |b n  |2 rdamedia 
338 |a other  |b nz  |2 rdacarrier 
490 1 |a Oxford bookworms library. World stories. Stage 2 
500 |a "First published in Oxford bookworms 2008"--Title page verso. 
500 |a "700 headwords"--Page 4 of cover. 
500 |a Kit. 
650 0 |a Readers (Adult)  |0 http://id.loc.gov/authorities/subjects/sh85111653 
650 0 |a Readers for new literates.  |0 http://id.loc.gov/authorities/subjects/sh85111657 
650 0 |a High interest-low vocabulary books.  |0 http://id.loc.gov/authorities/subjects/sh85060676 
650 0 |a English language  |x Study and teaching  |x Foreign speakers.  |0 http://id.loc.gov/authorities/subjects/sh85043710 
650 0 |a Short stories, African (English)  |0 http://id.loc.gov/authorities/subjects/sh85121816 
651 0 |a Africa  |v Fiction.  |0 http://id.loc.gov/authorities/subjects/sh2007101346 
650 5 |a English language  |x Study and teaching as a second language. 
650 7 |a English language  |x Study and teaching  |x Foreign speakers.  |2 fast  |0 (OCoLC)fst00911692 
650 7 |a High interest-low vocabulary books.  |2 fast  |0 (OCoLC)fst00956017 
650 7 |a Readers (Adult)  |2 fast  |0 (OCoLC)fst01090599 
650 7 |a Readers for new literates.  |2 fast  |0 (OCoLC)fst01090614 
650 7 |a Short stories, African (English)  |2 fast  |0 (OCoLC)fst01117055 
651 7 |a Africa.  |2 fast  |0 (OCoLC)fst01239509 
655 7 |a Fiction.  |2 fast  |0 (OCoLC)fst01423787 
700 1 |a Galsworthy, Gay.  |0 http://id.loc.gov/authorities/names/no2008032126 
830 0 |a Oxford bookworms library.  |p World stories.  |p Stage 2.  |0 http://id.loc.gov/authorities/names/no2015047585 
948 |a cataloged  |b h  |c 2016/6/9  |d c  |e kwilliams  |f 11:54:06 am 
994 |a C0  |b TXA 
999 f f |s a830d378-f1cd-3daa-aa82-a14258a26e22  |i 485f5f0b-60d2-39de-b1ae-e8f4e6a9e028  |t 0 
952 f f |p ric  |a Texas A&M University  |b Rellis Campus  |c Joint Library Facility  |s JLF  |d Remote Storage  |t 0  |e PE1126.N43 B373 2008  |h Library of Congress classification  |i unmediated -- other  |m A14843558983 
998 f f |a PE1126.N43 B373 2008  |t 0  |l Remote Storage